000 00840nam a22002895a 4500
008 081204t1996 MAUa|||frb||| 001 0 eng d
010 _a 2001089367
020 _a0395722195 (Student Book ed.)
_z
020 _a9780395722190
040 _aEG-ScBUE
_beng
_cEG-ScBUE
082 0 4 _a657
_bPRI
_222
100 _a
_910497
245 1 0 _aPrinciples of Accounting /
_cBelverd E. Needles ...[et al.] .
250 _a6th ed.
260 _aBoston :
_bHoughton Mifflin Co.,
_c1996.
300 _ap. :
_bcol. ill. ;
_c29 cm.
500 _aIndexes.
500 _aAppendix.
504 _a
590 _aMenna Elemam
650 0 _aAccounting.
_910498
_2BUEsh
651 _2BUEsh
700 1 _aAnderson, Henry R.
_910499
700 1 _aCaldwell, James C.
_910500
700 1 _aMills, Sherry K. ,
_tauthor.
942 _cBB
_k657 PRI
_2ddc
999 _c13166
_d13166